[Event "Lukavac op 5th"]
[Site "Lukavac"]
[Date "2016.11.27"]
[Round "7"]
[White "Zivkovic, Milenko"]
[Black "Imamovic, Samir"]
[Result "0-1"]
[WhiteElo "1988"]
[BlackElo "1898"]
[PlyCount "114"]
[EventDate "2016.11.24"]
[EventType "swiss"]
[EventRounds "7"]
[EventCountry "BIH"]
[SourceTitle "EXT 2019"]
[Source "ChessBase"]
[SourceDate "2018.10.10"]
[SourceVersion "1"]
[SourceVersionDate "2018.10.10"]
[SourceQuality "1"]

1. d4 d5 2. e4 dxe4 3. Nc3 g6 4. Nxe4 Bg7 5. Nf3 b6 6. Bd3 Bb7 7. 0-0 Nd7 8. c3 Ngf6 9. Qe2 0-0 10. Bg5 Bxe4 11. Bxe4 Nxe4 12. Qxe4 Nf6 13. Qh4 Qd6 14. Rfe1 Rae8 15. Re5 Nd5 16. Rxd5 Qxd5 17. Bxe7 h6 18. Bxf8 Kxf8 19. Qf4 Qc4 20. Qc1 Qe2 21. Rb1 g5 22. Qd2 Qe6 23. b3 Qf5 24. Re1 Rd8 25. Qe2 Bf6 26. Qe4 Qa5 27. Qc2 c5 28. Kf1 g4 29. Ne5 cxd4 30. cxd4 Rxd4 31. Nxg4 Qa6+ 32. Kg1 Rxg4 33. Qc6 Kg7 34. h3 Rd4 35. Re3 Rd3 36. Re8 Rd1+ 37. Kh2 Qf1 38. Qf3 Qd3 39. Qg4+ Bg5 40. h4 Qd6+ 41. g3 Qd5 42. Qe4 Qxe4 43. Rxe4 Bf6 44. Re2 Rb1 45. Kg2 Rb2 46. Kf3 Rxe2 47. Kxe2 Kg6 48. Kf3 Kh5 49. Kf4 Bd4 50. f3 f6 51. Ke4 Bc3 52. Kf5 a6 53. a4 a5 54. g4+ Kxh4 55. Kg6 Kg3 56. Kxh6 Kxf3 57. Kh5 Ke3 0-1

[Event "Lukavac op 5th"]
[Site "Lukavac"]
[Date "2016.11.25"]
[Round "2"]
[White "Imamovic, Samir"]
[Black "Trkulja, Goran"]
[Result "0-1"]
[WhiteElo "1898"]
[BlackElo "2301"]
[PlyCount "46"]
[EventDate "2016.11.24"]
[EventType "swiss"]
[EventRounds "7"]
[EventCountry "BIH"]
[SourceTitle "EXT 2019"]
[Source "ChessBase"]
[SourceDate "2018.10.10"]
[SourceVersion "1"]
[SourceVersionDate "2018.10.10"]
[SourceQuality "1"]

1. e4 c5 2. c3 Nf6 3. d3 e6 4. Nf3 d5 5. e5 Nfd7 6. g3 Nc6 7. d4 cxd4 8. cxd4 Nb6 9. a3 a5 10. Be2 Bd7 11. 0-0 Be7 12. Nc3 a4 13. Nb5 0-0 14. h4 Nc4 15. Nc3 b5 16. Bxc4 bxc4 17. Be3 Qb8 18. Qc2 Qb3 19. Qxb3 cxb3 20. Rfc1 Na5 21. Nd2 Rfc8 22. Ne2 Rc2 23. Nc3 Rxb2 0-1

[Event "Lukavac op 5th"]
[Site "Lukavac"]
[Date "2016.11.24"]
[Round "1"]
[White "Sitnic, Adnan"]
[Black "Imamovic, Samir"]
[Result "1/2-1/2"]
[WhiteElo "2247"]
[BlackElo "1898"]
[PlyCount "108"]
[EventDate "2016.11.24"]
[EventType "swiss"]
[EventRounds "7"]
[EventCountry "BIH"]
[SourceTitle "EXT 2019"]
[Source "ChessBase"]
[SourceDate "2018.10.10"]
[SourceVersion "1"]
[SourceVersionDate "2018.10.10"]
[SourceQuality "1"]

1. e4 e5 2. Bc4 c6 3. d4 d5 4. exd5 cxd5 5. Bb5+ Bd7 6. Bxd7+ Nxd7 7. dxe5 Nxe5 8. Qe2 Qe7 9. Qb5+ Nc6+ 10. Ne2 Qb4+ 11. Qxb4 Nxb4 12. Na3 Rc8 13. Bd2 Nf6 14. f3 Be7 15. Nf4 0-0 16. c3 Nc6 17. Nc2 Bc5 18. 0-0-0 d4 19. Kb1 Rfd8 20. Nd3 Bb6 21. c4 Re8 22. Rhe1 Nd7 23. b4 Nce5 24. Nxe5 Nxe5 25. c5 d3 26. Ne3 Bc7 27. Nd5 Kf8 28. Bc3 Bb8 29. Bxe5 Bxe5 30. f4 Bf6 31. Rxe8+ Rxe8 32. Nxf6 gxf6 33. Rxd3 Re4 34. a3 Ke7 35. Rh3 Rxf4 36. g3 Rf2 37. Rxh7 Rg2 38. Rh8 Kd7 39. Rf8 Rxh2 40. Rxf7+ Kc6 41. Rxf6+ Kb5 42. Rf7 Kc4 43. Kc1 Kc3 44. Kd1 Kd3 45. Rd7+ Kc4 46. Rxb7 a5 47. c6 axb4 48. c7 Kd3 49. Ke1 Ke3 50. Kd1 Kd3 51. Kc1 Rc2+ 52. Kb1 bxa3 53. g4 a2+ 54. Ka1 Ke4 1/2-1/2